Welcome to CU Library Online Public Access Catalogue (OPAC)

DeSouza's Forms and Precedents of Conveyancing / (Record no. 2087)

MARC details
000 -LEADER
fixed length control field 00898nam a22001937a 4500
005 - DATE AND TIME OF LATEST TRANSACTION
control field 20241212090703.0
008 - FIXED-LENGTH DATA ELEMENTS--GENERAL INFORMATION
fixed length control field 241212b |||||||| |||| 00| 0 eng d
020 ## - INTERNATIONAL STANDARD BOOK NUMBER
International Standard Book Number 817177170X (Hardcover)
020 ## - INTERNATIONAL STANDARD BOOK NUMBER
International Standard Book Number 8171771718 (Paperback)
050 ## - LIBRARY OF CONGRESS CALL NUMBER
Classification number KNC27
Item number .D26 1999
245 ## - TITLE STATEMENT
Title DeSouza's Forms and Precedents of Conveyancing /
Statement of responsibility, etc. [Editors] C. R. Datta; M. N. Das
250 ## - EDITION STATEMENT
Edition statement Thirteenth Edition
260 ## - PUBLICATION, DISTRIBUTION, ETC.
Place of publication, distribution, etc. New Delhi
Name of publisher, distributor, etc. Eastern Law House Private Ltd.
Date of publication, distribution, etc. c1999
300 ## - PHYSICAL DESCRIPTION
Extent 1448 pages
Dimensions 21cm
500 ## - GENERAL NOTE
General note The spirit of legal doctrine. DeSouza's Forms and Precedents of Conveyancing. Now with a chapter on Computer Contracts.
700 ## - ADDED ENTRY--PERSONAL NAME
Personal name C. R. Datta
Titles and other words associated with a name MA (Com), LLB (Cal), ATII (England), DIA (London). Barrister-at-Law, Lincoln's Inn.
Relator term Editor
700 ## - ADDED ENTRY--PERSONAL NAME
Personal name M. N. Das
Titles and other words associated with a name Former District & Sessions Judge and Member-Secretary, State Law Commission, West Bengal.
Relator term Editor
942 ## - ADDED ENTRY ELEMENTS (KOHA)
Source of classification or shelving scheme Library of Congress Classification
Koha item type Books
Edition 13th ed.
Suppress in OPAC No
999 ## -
-- 2087
-- 2087
Holdings
Withdrawn status Lost status Source of classification or shelving scheme Damaged status Not for loan Collection Home library Current library Shelving location Date acquired Total checkouts Full call number Barcode Date last seen Copy number Price effective from Koha item type
    Library of Congress Classification     Non-fiction Law Library (Christ Temple) Law Library (Christ Temple) Reference 06/21/2025   KNC27.D26 DAT LLCT00000754 06/21/2025 1 06/21/2025 Books
    Library of Congress Classification     Non-fiction Law Library (Miotso) Law Library (Miotso) General stacks 12/12/2024   KNC27.D26 DAT llm00001371 12/12/2024 1 12/12/2024 Books
© 2023-2024 Copyright: Central University Libraries. All Rights Reserved | Created by: Mahone Tech Office